Commercial Wireless Circuits and Components Handbook (Record no. 1792243)

MARC details
000 -LEADER
fixed length control field 01080nam a2200277Ia 4500
005 - DATE AND TIME OF LATEST TRANSACTION
control field 20260324133449.0
008 - FIXED-LENGTH DATA ELEMENTS--GENERAL INFORMATION
fixed length control field 008 260324s9999 xx 000 0 eng d
020 ## - INTERNATIONAL STANDARD BOOK NUMBER
International Standard Book Number 9781315220321
037 ## - SOURCE OF ACQUISITION
Stock number EBOOK
040 ## - CATALOGING SOURCE
Original cataloging agency CRL
040 ## - CATALOGING SOURCE
Language of cataloging eng
040 ## - CATALOGING SOURCE
Transcribing agency CRL
041 ## - LANGUAGE CODE
Source of code eng
041 ## - LANGUAGE CODE
Language code of text/sound track or separate title eng
084 ## - COLON CLASSIFICATION NUMBER
Assigning agency CRL
100 ## - MAIN ENTRY--PERSONAL NAME
Personal name Joe Staudinger; John R. Mahon; Mike Golio; Michael Steer; Charles Nelson; Warren Seely; Robert Newgard; Mark Bloom; R.J. Trew; Ronald E. Ham; Jeanne Pavio; Alfy Riddle; Walter R. Curtice; Richard V. Snyder; Anthony Parker; J. Stevenson Kenney; Jakub Kucera; J-P Lanteri; Anthony Pavio; Bill Deal; Dan Swanson; Urs Lott; Vesna Radisic; Tatsuo Itoh; James Grantley Rathmell; Jonathan B. Scott; Christopher Jones; Ron Kielmeyer; John F. Sevic
9 (RLIN) 1193193
245 #0 - TITLE STATEMENT
Title Commercial Wireless Circuits and Components Handbook
260 ## - PUBLICATION, DISTRIBUTION, ETC.
Name of publisher, distributor, etc. Taylor and Francis
260 ## - PUBLICATION, DISTRIBUTION, ETC.
Date of publication, distribution, etc. 2003
365 ## - TRADE PRICE
Price type code
365 ## - TRADE PRICE
Price amount 370
856 ## - ELECTRONIC LOCATION AND ACCESS
Uniform Resource Identifier <a href="http://www.taylorfrancis.com/books/9781315220321">http://www.taylorfrancis.com/books/9781315220321</a>
942 ## - ADDED ENTRY ELEMENTS (KOHA)
Koha item type eBooks
Holdings
Withdrawn status Lost status Damaged status Not for loan Home library Current library Date acquired Total Checkouts Barcode Date last seen Price effective from Koha item type
        Central Library Central Library 2026-03-24   CL2074409 2026-03-24 2026-03-24 eBooks
Copyright @ Delhi University Library System